000 00230nam a2200097Ia 4500
008 190216s9999||||xx |||||||||||||| ||und||
100 _aNull
245 0 _aHindi-Hindi Ke Samasya Natak
260 _bAbhinav Publications
942 _cBK
999 _c17525
_d17525